|
|
|
|
| LEADER |
00000nam0a2200000 4500 |
| 001 |
312306 |
| 005 |
20231102002455.0 |
| 020 |
|
|
|a RU
|b 81-81813
|
| 035 |
|
|
|a (RuTPU)RU\TPU\book\337674
|
| 090 |
|
|
|a 312306
|
| 100 |
|
|
|a 20151219d1981 m y0rusy5003 ca
|
| 101 |
0 |
|
|a rus
|
| 102 |
|
|
|a RU
|
| 105 |
|
|
|a a j 000zy
|
| 200 |
1 |
|
|a Аппаратура для измерения концентрации (газосодержания) и скорости в газожидкостных двухфазных потоках
|e конспект лекций
|f Ю. В. Кокорин
|g Ленинградский политехнический институт им. М. И. Калинина (ЛПИ)
|
| 210 |
|
|
|a Ленинград
|c Изд-во ЛПИ
|d 1981
|
| 215 |
|
|
|a 46 с.
|c ил.
|
| 606 |
|
|
|a Газожидкостные смеси
|x Движение в каналах
|2 stltpush
|3 (RuTPU)RU\TPU\subj\5062
|9 33225
|
| 610 |
1 |
|
|a концентрация
|
| 610 |
1 |
|
|a измерение
|
| 610 |
1 |
|
|a аппаратура
|
| 610 |
1 |
|
|a скорость
|
| 610 |
1 |
|
|a газосодержание
|
| 675 |
|
|
|a 532.529.5(075.8)
|v 3
|
| 700 |
|
1 |
|a Кокорин
|b Ю.В.
|g Юрий Васильевич
|
| 712 |
0 |
2 |
|a Ленинградский политехнический институт им. М. И. Калинина (ЛПИ)
|c (1924-1930, 1940-1990)
|2 stltpush
|3 (RuTPU)RU\TPU\col\2601
|
| 801 |
|
0 |
|a RU
|b RuMRKP
|c 19950704
|g psbo
|
| 801 |
|
1 |
|a RU
|b 63413507
|c 20151219
|
| 801 |
|
2 |
|a RU
|b 63413507
|c 20180601
|g RCR
|
| 942 |
|
|
|c BK
|